000 00641nam a2200217Ia 4500
005 20250508164144.0
008 008 250505s9999 xx 000 0 eng d
020 _a0-415-35222-3
037 _aReference
040 _aFEDL
_beng
_cFEDL
041 _aeng
_2eng
084 _a371.102, WRA
_qFEDL
100 _aWragg E. C.
245 0 _aArt and science of teaching and learning : The selected works of Ted Wragg
260 _aLondon, UK
_bRoutledge
_c2005
300 _ax,278p.
365 _aGBP
_b22.99
650 _aTeaching; Learning; Wragg Ted
_9777517
942 _cREF
_h371.102, WRA
999 _c1387353
_d1387353